Dajú sa ovplyvniť a míňajú
Mladí ľudia - internet a sociálne siete považujú za samozrejmosť, potrpia si na kvalitu a dobrú značku. Boj o mladého zákazníka je veľmi dôležitý. Cieľom marketingu pre mladých je vybudovať vzťah k značke. Vo vnímaní ceny sú mladí opakom staršej generácie.
Salvato in:
| Autore principale: | |
|---|---|
| Natura: | Capitolo di libro |
| Lingua: | slovacco |
| Soggetti: | |
| Tags: |
Nessun Tag, puoi essere il primo ad aggiungerne!!
|
MARC
| LEADER | 00000naa a2200000 4500 | ||
|---|---|---|---|
| 001 | 0228566 | ||
| 005 | 20221017155330.8 | ||
| 041 | 0 | |a slo | |
| 044 | |a SK | ||
| 245 | 1 | 0 | |a Dajú sa ovplyvniť a míňajú |c Michaela Petrášová |
| 520 | |a Mladí ľudia - internet a sociálne siete považujú za samozrejmosť, potrpia si na kvalitu a dobrú značku. Boj o mladého zákazníka je veľmi dôležitý. Cieľom marketingu pre mladých je vybudovať vzťah k značke. Vo vnímaní ceny sú mladí opakom staršej generácie. | ||
| 610 | 2 | 0 | |a mládež |
| 610 | 2 | 0 | |a generácie |
| 610 | 2 | 0 | |a rozdiely generačné |
| 610 | 2 | 0 | |a spotrebitelia |
| 610 | 2 | 0 | |a výrobky značkové |
| 610 | 2 | 0 | |a marketing |
| 610 | 2 | 0 | |a ceny spotrebiteľské |
| 100 | 1 | |a Petrášová, Michaela | |